Music Quiz

Random Music or Artist Quiz

Alanis Morissette's Other Hand Quiz Stats

 Plays Quiz Updated Mar 22, 2019

Score 0/5 Timer 02:00
3 Plays Today
% Correct
Giving the peace sign
78.7%
Giving a high five
61.3%
Flicking a cigarette
61.2%
Hailing a taxi cab
59.2%
Playing the piano
59.1%

You're not logged in!

Compare scores with friends on all Sporcle quizzes.
OR
Log In

Sporcle TV

Today on Sporcle TV


Watch our educational content, quiz creation guides, and fun videos on Sporcle TV.

Show Comments

Extras

Top Quizzes Today


Score Distribution

Your Account Isn't Verified!

In order to create a playlist on Sporcle, you need to verify the email address you used during registration. Go to your Sporcle Settings to finish the process.

Report this User

Report this user for behavior that violates our Community Guidelines.

Details: